De quel pays s'inspire ce lieu en Chine ? - Statistiques

Statistiques générales
  • Ce quiz a été pris 52 fois
  • Le résultat moyen est 12 sur 18
Statistiques - réponses
Par images Hint Réponse % Correct
Macao Italie
98%
Shanghai Italie
96%
Songjiang Royaume-Uni
96%
Tiendu Cheng France
91%
Shijiazhuang Egypte
89%
Gaoqiao Pays-Bas
89%
Tianjin Etats-Unis
83%
Zhang France
83%
Suzhou Royaume-Uni
81%
Tianjin Italie
77%
Pékin Russie
72%
Shanghaï Etats-Unis
68%
Hangzhou Etats-Unis
62%
Luodian Suède
40%
Guangdong Autriche
21%
Anting Allemagne
15%
Wangjing Chine
9%
Zhengzhou France
9%
Aucun quiz correspondant
Distribution des résultats
% des personnes avec chaque résultat
Percentile par nombre de réponses
Votre historique - résultats
Vous n’avez pas pris ce quiz